000 00428nam a22001697a 4500
005 20180718120447.0
008 160524b xxu||||| |||| 00| 0 eng d
020 _a0-07-117935-6
041 _aeng
082 _b4732
_a658.15
100 _aRoss, Wesler field & Jordan
_91178
245 _aEssentials Corporate Finance
260 _aNew Delhi
_bAcademic Faundation
300 _a554
650 _aManagement
_9241
942 _cBK
999 _c1602
_d1601